Normal view
MARC view
Entry Personal Name
001 - CONTROL NUMBER
- control field: 5768
003 - CONTROL NUMBER IDENTIFIER
- control field: OSt
005 - DATE AND TIME OF LATEST TRANSACTION
- control field: 20150924153126.0
008 - FIXED-LENGTH DATA ELEMENTS
- fixed length control field: 150924|| aca||aabn | a|a d
040 ## - CATALOGING SOURCE
- Original cataloging agency: OSt
- Transcribing agency: OSt
100 ## - HEADING--PERSONAL NAME
- Personal name: Sprenger, Marilee
670 ## - SOURCE DATA FOUND
- Source citation: Work cat.: (OSt): Sprenger, Marilee, The Leadership Brain for Dummies, 2010
